| 000 | 08388nam a22007337a 4500 | ||
|---|---|---|---|
| 005 | 20100922111421.0 | ||
| 008 | 100922t xxu||||| |||| 00| 0 eng d | ||
| 010 | _aENG-101502-504 B-424381-413 | ||
| 020 |
_a9788124113530(pt.1) _c175.00 |
||
| 020 |
_a9788124113547 (pt.2) _c175.00 |
||
| 020 |
_a9788124113554 (pt.3) _c175.00 |
||
| 035 | _aEN-85035-37 B-424381-413 | ||
| 037 | _bDBAD / PUB | ||
| 037 | _bBlueberry/Ven | ||
| 040 |
_adpl _bEnglish |
||
| 082 | _a530.15 | ||
| 100 |
_aAnand, J.D. _qAnand, Jai Dev _921064 |
||
| 245 |
_aMathematical physics / _cby J.D. Anand, P.K. MIttal [and] Ajay Wadhwa |
||
| 250 | _arev. ed | ||
| 260 |
_aNew Delhi _bHar-Anand Publications _c2010(repr.) |
||
| 270 |
_aE-49/3, Okhla Industrial Area, Phase-II, _bNew Delhi _e110020 |
||
| 300 |
_a3 Pts. (335p.; 324p.; 409p.) _c22cm (pbk) |
||
| 650 |
_aMathematical physics _921065 |
||
| 700 |
_aMIttal, P.K. _921066 |
||
| 700 |
_aWadhwa, Ajay _921067 |
||
| 942 |
_2ddc _cEN _mANA _h530.15 |
||
| 999 |
_c47396 _d47396 |
||